Biblographie de Madascar 1904 1933 (Record no. 116943)

MARC details
000 -LEADER
fixed length control field 00688nam a2200241Ia 4500
003 - CONTROL NUMBER IDENTIFIER
control field OSt
005 - DATE AND TIME OF LATEST TRANSACTION
control field 20220918111900.0
008 - FIXED-LENGTH DATA ELEMENTS--GENERAL INFORMATION
fixed length control field 220915b |||||||| |||| 00| 0 eng d
037 ## - SOURCE OF ACQUISITION
Terms of availability Textbook
040 ## - CATALOGING SOURCE
Language of cataloging eng
Original cataloging agency ARTS
Transcribing agency ARTS
041 ## - LANGUAGE CODE
Language code of text/sound track or separate title eng
100 ## - MAIN ENTRY--PERSONAL NAME
Personal name Grandidier G ed
9 (RLIN) 10890
245 #0 - TITLE STATEMENT
Title Biblographie de Madascar 1904 1933
260 ## - PUBLICATION, DISTRIBUTION, ETC.
Date of publication, distribution, etc. 1936
490 ## - SERIES STATEMENT
Series statement Biblography general des Colonies Francaises by Grandidier G and Joucla E
650 ## - SUBJECT ADDED ENTRY--TOPICAL TERM
Topical term or geographic name entry element BIBLIOGRAPHY
942 ## - ADDED ENTRY ELEMENTS (KOHA)
Classification part 14:2691:N3, 122G6 (906)
Koha item type Textbook
Source of classification or shelving scheme Colon Classification (CC)

No items available.

Copyright @ Delhi University Library System